000 01138cam a2200313 a 4500
001 17216247
003 ARRUPE
005 20140129020010.0
008 120319s2012 nyu 001 0 eng
010 _a 2012008736
016 7 _a016148023
_2Uk
020 _a9781570759871 (pbk.)
020 _a1570759871 (pbk.)
035 _a(OCoLC)ocn783861858
040 _aDLC
_beng
_cDLC
_dYDX
_dBTCTA
_dUKMGB
_dKAT
_dYDXCP
_dBWX
_dCDX
_dDLC
042 _apcc
050 0 0 _aBX2179.L8
_bH25 2012
100 1 _aHaight, Roger.
_92982
245 1 0 _aChristian spirituality for seekers :
_breflections on the Spiritual exercises of Ignatius Loyola /
_cRoger Haight.
260 _aMaryknoll, N.Y. :
_bOrbis Books,
_cc2012.
300 _axxvii, 291 p. ;
_c24 cm.
500 _aIncludes index.
600 0 0 _aIgnatius,
_cof Loyola, Saint,
_d1491-1556.
_tExercitia spiritualia.
_92983
650 0 _aSpirituality
_xCatholic Church.
_92984
650 0 _aSpiritual exercises.
_92985
906 _a7
_bcbc
_corignew
_d1
_eecip
_f20
_gy-gencatlg
942 _2lcc
_cMONOGRAPH
_02
999 _c118458
_d118458